00370nam a2200133Ia 4500008004100000041000800041082001700049100001800066245004800084260003300132300000800165365001600173700004700189230718s9999 xx 000 0 und d aeng a621.395bABR aAbramovici M. aDigital Systems Testing And Testable Design c2006bJaico Publishing House a652 cRs.b300.00 aAbramovici M., Breuer M.A. & Friedman A.D.